kku e-library facility

CompTIA: Network+ Guide to Networks (Record no. 139)

MARC details
000 -LEADER
fixed length control field 00447nam a2200145 4500
005 - DATE AND TIME OF LATEST TRANSACTION
control field 20260120094126.0
008 - FIXED-LENGTH DATA ELEMENTS--GENERAL INFORMATION
fixed length control field 260120b |||||||| |||| 00| 0 eng d
020 ## - INTERNATIONAL STANDARD BOOK NUMBER
International Standard Book Number 9781337569330
100 ## - MAIN ENTRY--PERSONAL NAME
Personal name West Jill, Andrews Jean & Dean Tamara
245 ## - TITLE STATEMENT
Title CompTIA: Network+ Guide to Networks
Statement of responsibility, etc. /Tamara Dean
250 ## - EDITION STATEMENT
Edition statement 8th ed
260 ## - PUBLICATION, DISTRIBUTION, ETC.
Place of publication, distribution, etc. United States of American;
Name of publisher, distributor, etc. Cengage Learning, Inc;
Date of publication, distribution, etc. 2019.
300 ## - PHYSICAL DESCRIPTION
Extent xxx, 847p.; ill,
Dimensions 23cm.
942 ## - ADDED ENTRY ELEMENTS (KOHA)
Source of classification or shelving scheme Library of Congress Classification
Suppress in OPAC Yes
Koha item type Books

No items available.

©2025 All rights reserved. KKU